Carpetas Informativas de Centro de Estudios Sociales y de Opinin̤ pb︢lica (CESOP)

Bibliographic Details
Format: eBook
Language:Spanish
Published: Ciudad de Mx̌ico: Cm̀ara de Diputados, 20? -
Subjects:
Online Access:Acceso restringido

MARC

LEADER 00000nam a22000007a 4500
005 20170919180632.0
007 cr|||| ||||
008 170919c20? 9999mx mr|| s|||| 0||| 1spa d
035 |a 20377 
040 |a vLex 
090 |c 6987  |d 6987 
245 0 0 |a Carpetas Informativas de Centro de Estudios Sociales y de Opinin̤ pb︢lica (CESOP)  |h [Recurso electrn̤ico] 
256 |a Servicio en ln̕ea 
260 |a Ciudad de Mx̌ico:  |b Cm̀ara de Diputados,  |c 20? -  
300 |a 1 recurso electrn̤ico 
310 |a Mensual 
506 1 |a Contenido solo disponible en los productos indicados  |d vLex Global  |d vLex Global (Academic Edition, excluding Law Schools)  |d vLex Global (U.S. Academic Edition, Law Schools)  |d vLex Global (U.S. Academic Edition, excluding Law Schools)  |d vLex Global (Academic Edition, Law Schools) 
650 |a Ciencias sociales  |z Mx̌ico 
740 0 |a vLex Revistas (Servicio en ln̕ea) 
856 4 0 |u http://vlex.com/source/carpetas-informativas-de-centro-de-estudios-sociales-y-de-opinion-publica-cesop--20377  |z Acceso restringido 
942 |c REV 
999 0 |a Social sciences